Statistics for Manchester City Record Transfers

Click here to take the quiz!

General Stats

  • This quiz has been taken 1,343 times
    (1,137 since last reset)
  • The average score is 9 of 10

Answer Stats

Year Country Position From Transfer Fee Player % Correct
2015-2016EnglandFWLiverpool62,5M€Raheem Sterling
98%
2011-2012ArgentinaFWAtlético Madrid45M€Sergio Agüero
98%
2010-2011Ivory CoastMDBarcelona30M€Yaya Touré
95%
2010-2011BosniaFWWolfsburg37M€Edin Dzeko
91%
2015-2016ArgentinaDFValencia44,6M€Nicolas Otamendi
90%
2013-2014BrazilMDShakhtar Donetsk40M€Fernandinho
88%
2014-2015Ivory CoastFWSwansea32,3M€Wilfried Bony
86%
2008-2009BrazilFWReal Madrid43M€Robinho
84%
2014-2015FranceDFFC Porto40M€Eliaquim Mangala
80%
2010-2011ItalyFWInter Milan29,5M€Mario Balotelli
76%

Score Distribution

Percentile by Number Answered

Percent of People with Each Score

Your Score History

You have not taken this quiz since the last reset